| 000 | 00425cam a2200181ua 4500 | ||
|---|---|---|---|
| 020 | _cRs.5/- | ||
| 041 |
_ahin _h |
||
| 082 |
_a891.54 _bSHY/JO |
||
| 100 | _aShyam narayan Pandy, . | ||
| 245 |
_aJouhar / _cShyam Narayan. _hTextual Documents |
||
| 250 |
_a1 / _b. |
||
| 260 |
_a : _bSaraswathi manndir , _c1966. |
||
| 300 | _a251 ; . | ||
| 365 | _aRs.5/- | ||
| 504 | _a | ||
| 942 | _cBK | ||
| 999 |
_c11621 _d11621 |
||